Biển trí huệ của Đức Dalai Lama thứ 14
Nội dung sách giúp bạn đọc sẽ thấy tâm thanh thản hơn, trí khôn ngoan hơn, và cuộc đời cũng tốt đẹp hơn với những lời vàng, vì đó là những suy tưởng, chiêm nghiệm của một vị thánh nhân, Đức Đạt Lai Lạt Ma thứ 14....
Αποθηκεύτηκε σε:
| Κύριος συγγραφέας: | |
|---|---|
| Μορφή: | Βιβλίο |
| Γλώσσα: | Undetermined |
| Έκδοση: |
Hà Nội
Phụ nữ
2007
|
| Θέματα: | |
| Ετικέτες: |
Προσθήκη ετικέτας
Δεν υπάρχουν, Καταχωρήστε ετικέτα πρώτοι!
|
| Thư viện lưu trữ: | Trung tâm Học liệu Trường Đại học Cần Thơ |
|---|
| LEADER | 00952nam a2200217Ia 4500 | ||
|---|---|---|---|
| 001 | CTU_123551 | ||
| 008 | 210402s9999 xx 000 0 und d | ||
| 020 | |c 32000 | ||
| 082 | |a 294.3 | ||
| 082 | |b L213 | ||
| 100 | |a Lama, Dalai | ||
| 245 | 0 | |a Biển trí huệ của Đức Dalai Lama thứ 14 | |
| 245 | 0 | |c Dalai Lama ; Đào Chính, Đoan Nghiêm (Tuyển chọn và biên dịch) | |
| 260 | |a Hà Nội | ||
| 260 | |b Phụ nữ | ||
| 260 | |c 2007 | ||
| 520 | |a Nội dung sách giúp bạn đọc sẽ thấy tâm thanh thản hơn, trí khôn ngoan hơn, và cuộc đời cũng tốt đẹp hơn với những lời vàng, vì đó là những suy tưởng, chiêm nghiệm của một vị thánh nhân, Đức Đạt Lai Lạt Ma thứ 14. | ||
| 650 | |a Buddhism | ||
| 650 | |x Doctrines | ||
| 904 | |i Hiếu | ||
| 980 | |a Trung tâm Học liệu Trường Đại học Cần Thơ | ||